| 000 | 00532 a2200205 4500 | ||
|---|---|---|---|
| 005 | 20250528101304.0 | ||
| 008 | 250528b |||||||| |||| 00| 0 eng d | ||
| 020 |
_a9781498754590 _c£ 185.00 |
||
| 040 | _aMAIN | ||
| 082 |
_a664.9 _bT575A(2) |
||
| 100 | _aToldra, Fidel, ed. | ||
| 245 | _aAdvanced technologies for meat processing | ||
| 250 | _a2nd | ||
| 260 |
_bCRC Press _c2018 _aBoca Raton |
||
| 300 | _axvi, 705 | ||
| 650 | _aFood Technology | ||
| 650 | _aMeat Process | ||
| 700 | _aNollet, Leo M L, ed. | ||
| 942 | _cBK | ||
| 999 |
_c359214 _d359214 |
||